Lebensmittel mit "I" - Statistiken

Allgemein
  • Dieses Quiz wurde 140 mal gespielt
  • Das Durchschnittsergebnis liegt bei 2 aus 8
Antwortstatistiken
Lebensmittel % Korrekt
Ingwer
98%
Ingwertee
47%
Imkerhonig
18%
Instantnudel
16%
Instant Kaffee
14%
Irish Coffee
7%
Isodrink
2%
Intermezzo
0%
Keine übereinstimmenden Quizze gefunden
Verteilung der Resultate
Anzahl Personen mit jedem Resultat
Perzentil nach korrekt beantworteten Fragen
Ihre Resultats-Entwicklung
Sie haben dieses Quiz noch nicht gespielt